Analýza nelineárnych stacionárnych magnetických polí
Salvato in:
| Autori principali: | , |
|---|---|
| Natura: | Libro |
| Lingua: | ceco |
| Pubblicazione: |
Praha :
Academia,
1978
|
| Soggetti: | |
| Tags: |
Nessun Tag, puoi essere il primo ad aggiungerne!!
|
MARC
| LEADER | 00000nam a22000003a 4500 | ||
|---|---|---|---|
| 001 | stu87002 | ||
| 005 | 20200914123355.9 | ||
| 008 | 040514s1978----cs------------------cze-d | ||
| 040 | |a STU |b slo | ||
| 041 | 0 | |a cze | |
| 044 | |a cs | ||
| 080 | |a 537.612 | ||
| 080 | |a 621.313 | ||
| 100 | 1 | |a Kreisinger, Vladimír |4 aut | |
| 245 | 1 | |a Analýza nelineárnych stacionárnych magnetických polí | |
| 260 | |a Praha : |b Academia, |c 1978 | ||
| 300 | |a 153 s | ||
| 650 | 7 | |a magnetické pole |2 stusub | |
| 650 | 7 | |a elektrické stroje |2 stusub | |
| 700 | 1 | |a Adam, Josef |4 aut | |
| 996 | |b 284J021011 |c J*57348 |l JJSK |s A |a 24 |w stu87002_0001 | ||
| 996 | |b 284J021010 |c J*57347 |l JJSK |s A |a 24 |w stu87002_0002 | ||